[Event "PRO League KO Stage"]
[Site "Chess.com INT"]
[Date "2017.03.25"]
[Round "4.2"]
[White "Carlsen, Magnus"]
[Black "Pantsulaia, Levan"]
[Result "1-0"]
[WhiteElo "2838"]
[BlackElo "2589"]
[PlyCount "91"]
[EventDate "2017.03.01"]
[EventType "team-k.o. (rapid)"]
[EventRounds "5"]
[EventCountry "USA"]
[SourceTitle "CBM 177 Extra"]
[Source "ChessBase"]
[SourceDate "2017.04.27"]
[SourceVersion "1"]
[SourceVersionDate "2017.04.27"]
[SourceQuality "1"]
[WhiteTeam "Norway Gnomes"]
[BlackTeam "Stockholm Snowballs"]
[WhiteTeamCountry "NOR"]
[BlackTeamCountry "SWE"]

1. Nf3 Nf6 2. g3 b6 3. Bg2 Bb7 4. O-O c5 5. d3 e6 6. e4 d6 7. Re1 Nbd7 8. Nbd2 Be7 9. a4 ({RR} 9. h3 O-O 10. c3 Qc7 11. Qe2 a5 12. Nf1 a4 13. a3 Ba6 14. c4 Ne5 15. Nxe5 dxe5 16. Bd2 Rfd8 17. Bc3 Rab8 18. Rac1 Qd6 19. Red1 b5 20. f4 Nd7 21. Qg4 Bf6 22. f5 b4 23. axb4 cxb4 {Sayce,H (1872)-Rasch,H (2247) chess.com INT 2025 0-1 (35)}) 9... O-O 10. Nc4 a6 11. Bf4 e5 $146 ({RR} 11... Qc7 12. e5 dxe5 13. Nfxe5 Nxe5 14. Bxe5 Qc8 15. Nxb6 Qd8 16. Nxa8 Qxa8 17. Bxb7 Qxb7 18. Qe2 Nd7 19. Bc3 e5 20. Bxe5 c4 21. Bxg7 Re8 22. Bc3 Nf8 23. Qe5 f6 24. Qe4 Qd7 25. Qxc4+ Kh8 26. Qd4 {Braun,C (1773)-Langrock,H (2237) Playchess.com INT 2021 1-0}) ({RR} 11... Qc7 12. e5 dxe5 13. Nfxe5 Nxe5 14. Bxe5 Qc8 15. Nxb6 Qd8 16. Nxa8 Qxa8 17. Bxb7 Qxb7 18. Qe2 Nd7 19. Bc3 e5 20. Bxe5 c4 21. Bxg7 Re8 22. Bc3 Nf8 23. Qe5 f6 24. Qe4 Qd7 25. Qxc4+ Kh8 26. Qd4 {Braun,C (1773)-Langrock,H (2237) Playchess.com INT 2021 1-0}) 12. Bd2 Re8 13. Ne3 Bf8 14. c4 Bc6 15. Bh3 b5 16. axb5 axb5 17. b3 Rxa1 18. Qxa1 Qa8 19. Nd5 bxc4 20. bxc4 Qxa1 21. Rxa1 Ra8 22. Rxa8 Bxa8 23. Ba5 Bb7 24. Nd2 Ba6 25. Bd8 Nxd5 26. exd5 Nf6 27. Bxf6 gxf6 28. Ne4 Be7 29. Bf5 h6 30. Kg2 Kf8 31. Kh3 Kg7 32. Kg4 Bb7 33. Kh5 Ba6 34. f3 Bb7 35. Nf2 Bd8 36. Ng4 Ba5 37. Nxh6 Bc3 38. Bd7 Kf8 39. Nf5 e4 40. fxe4 Be5 41. Kg4 Ba6 42. h4 Bb7 43. Kf3 Ba6 44. g4 Bb7 45. Ke2 Ba6 46. Kd1 1-0

[Event "Titled Tuesday intern op 7th March"]
[Site "Chess.com INT"]
[Date "2017.03.07"]
[Round "7"]
[White "Izoria, Zviad"]
[Black "Ehlvest, Jaan"]
[Result "1-0"]
[WhiteElo "2594"]
[BlackElo "2536"]
[PlyCount "71"]
[EventDate "2017.03.07"]
[EventType "swiss (blitz)"]
[EventRounds "11"]
[EventCountry "USA"]
[SourceTitle "EXT 2021"]
[Source "ChessBase"]
[SourceDate "2020.10.23"]
[SourceVersion "1"]
[SourceVersionDate "2020.10.23"]
[SourceQuality "1"]

1. Nf3 e6 2. g3 f5 3. Bg2 Nf6 4. O-O Nc6 5. c4 ({RR} 5. d4 Be7 6. b3 Ne4 7. Bb2 d5 8. c4 h5 9. e3 h4 10. Nbd2 hxg3 11. hxg3 Bb4 12. Nxe4 dxe4 13. Nh4 Be7 14. Ng6 Rh6 15. Nxe7 Qxe7 16. f4 Bd7 17. d5 Nb4 18. Ba3 a5 19. dxe6 Bxe6 {Genocchio,D (2375)-Paltrinieri,N (2355) Vasto ITA 2024 0-1}) 5... d5 6. d4 Ne4 $146 ({RR} 6... Be7 7. b3 Ne4 8. e3 O-O 9. Bb2 Bd7 10. Nc3 Be8 11. Nd2 Qd7 12. Ndxe4 dxe4 13. a3 Bg5 14. Qe2 Bg6 15. b4 Qe8 16. f4 Bh5 17. Qf2 Bh6 18. h3 g5 19. d5 gxf4 20. gxf4 Nd8 21. Nb5 {Morovic Fernandez,I (2535)-Kortschnoj,V (2615) Santiago de Chile 1991 ½-½ (45)}) ({RR} 6... Be7 7. Nc3 O-O 8. Ne5 Ne4 9. Bf4 Nxe5 10. Bxe5 c6 11. Rc1 Nd6 12. b3 Bd7 13. Na4 Nf7 14. cxd5 exd5 15. Nc5 Bxc5 16. Rxc5 Nxe5 17. dxe5 Qe7 18. Qd4 f4 19. b4 Rae8 20. gxf4 Qh4 21. Rc3 {Margraf,D (2257)-Fritze,B (2235) Germany 2019 ½-½}) 7. Nc3 Bb4 8. Qb3 Bxc3 9. bxc3 O-O 10. cxd5 exd5 11. Nd2 Na5 12. Qc2 Be6 13. f3 Nxd2 14. Bxd2 Nc4 15. Rae1 Qd7 16. Bf4 h6 17. h4 Rae8 18. e4 c6 19. exf5 Bxf5 20. Qc1 Bh3 21. Be5 Bxg2 22. Kxg2 Qf5 23. f4 Re6 24. Qd1 h5 25. g4 hxg4 26. Kg3 Rfe8 27. Rf2 Nd6 28. Rfe2 Ne4+ 29. Rxe4 dxe4 30. Qe2 g6 31. Qxe4 Qxe4 32. Rxe4 b5 33. Kxg4 R6e7 34. Kg5 Kf7 35. Re2 Ke6 36. Bf6+ 1-0

[Event "Titled Tuesday intern op 7th March"]
[Site "Chess.com INT"]
[Date "2017.03.07"]
[Round "9"]
[White "Amin, Bassem"]
[Black "Moradiabadi, Elshan"]
[Result "1-0"]
[WhiteElo "2660"]
[BlackElo "2568"]
[PlyCount "83"]
[EventDate "2017.03.07"]
[EventType "swiss (blitz)"]
[EventRounds "11"]
[EventCountry "USA"]
[SourceTitle "EXT 2021"]
[Source "ChessBase"]
[SourceDate "2020.10.23"]
[SourceVersion "1"]
[SourceVersionDate "2020.10.23"]
[SourceQuality "1"]

1. Nf3 c5 2. e4 d6 3. g3 g6 4. Bg2 Bg7 5. O-O Nc6 6. c3 e5 7. a3 Nge7 8. d3 O-O 9. b4 h6 10. Nbd2 Be6 11. Nb3 b6 12. b5 Nb8 13. a4 Nd7 14. d4 exd4 15. cxd4 Bxb3 16. Qxb3 cxd4 17. Bb2 Nc5 18. Qd1 Nxe4 19. Nxd4 d5 20. Re1 Rc8 $146 ({RR} 20... Qd7 21. Bxe4 dxe4 22. Nc6 Qe6 23. Bxg7 Kxg7 24. Qd4+ Qf6 25. Qxf6+ Kxf6 26. Nxe7 Kxe7 27. Rxe4+ Kf6 28. Rf4+ Kg7 29. Rc1 f5 30. Rd4 Rf7 31. Rc6 Raf8 32. f4 Rf6 33. Kf2 R8f7 34. Ke3 Re7+ 35. Kd3 {Amin,B (2347)-Predojevic,B (2462) Chalkidiki 2003 0-1 (53)}) 21. Bxe4 dxe4 22. Rxe4 Nf5 23. Nxf5 Qxd1+ 24. Rxd1 gxf5 25. Bxg7 fxe4 26. Bxf8 Kxf8 27. Rd7 Rc1+ 28. Kg2 Rc2 29. Kf1 Ra2 30. Rxa7 Kg7 31. Ra6 f6 32. g4 Kg6 33. h4 h5 34. g5 fxg5 35. Rxb6+ Kf5 36. hxg5 Kxg5 37. Ra6 h4 38. b6 Rb2 39. Ra5+ Kg4 40. Rb5 Ra2 41. b7 Kf3 42. Rb3+ 1-0

[Event "Titled Tuesday intern op 7th March"]
[Site "Chess.com INT"]
[Date "2017.03.07"]
[Round "11"]
[White "Nakamura, Hikaru"]
[Black "Pichot, Alan"]
[Result "1-0"]
[WhiteElo "2793"]
[BlackElo "2556"]
[PlyCount "81"]
[EventDate "2017.03.07"]
[EventType "swiss (blitz)"]
[EventRounds "11"]
[EventCountry "USA"]
[SourceTitle "EXT 2021"]
[Source "ChessBase"]
[SourceDate "2020.10.23"]
[SourceVersion "1"]
[SourceVersionDate "2020.10.23"]
[SourceQuality "1"]

1. b3 Nf6 2. Bb2 c5 3. Nf3 Nc6 4. e3 g6 5. d4 cxd4 6. Nxd4 Bg7 7. Nxc6 bxc6 8. Be2 O-O 9. O-O a5 10. c4 a4 ({RR} 10... d6 11. Nc3 Bb7 12. Qc2 Nd7 13. Rad1 c5 14. Nd5 Bxb2 15. Qxb2 a4 16. b4 Bxd5 17. cxd5 cxb4 18. Qxb4 Nc5 19. Rb1 Rb8 20. Qc3 Qc7 21. Bb5 Rb6 22. Bxa4 Qa7 23. Bb3 Rfb8 24. Rfc1 Rb4 25. h3 {Nakamura,H (2786)-Karjakin,S (2783) Chess.com INT 2017 1-0 (34)}) ({RR} 10... d6 11. Nc3 Ne4 12. Qc1 Nc5 13. Nd1 e5 14. Nc3 Be6 15. Rd1 Qc7 16. Ba3 Nb7 17. Qc2 Rfd8 18. Rd2 Bf5 19. Bd3 e4 20. Be2 Nc5 21. Rad1 Nd3 22. g4 Nb4 23. Qc1 Be6 24. Nxe4 d5 25. Bxb4 {Nakamura,H (2736)-Yeletsky,I (2460) Chess.com INT 2022 1-0}) 11. Bf3 $146 ({RR} 11. Qc2 c5 12. Bf3 Ra7 13. Rd1 d6 14. Nd2 a3 15. Bc3 Nd7 16. Ne4 Bxc3 17. Nxc3 Ne5 18. Be2 Bb7 19. Rd2 Qa8 20. f3 Bc6 21. Rad1 Qb7 22. Nd5 Bxd5 23. Rxd5 Nc6 24. R5d2 Qb4 25. f4 Kg7 {Perossa,N (2238)-Bryakin,M (2426) chess.com INT 2025 1-0 (71)}) 11... Qb6 12. Bd4 Qa5 13. Bc3 Qb6 14. Nd2 d6 15. c5 Qxc5 16. Rc1 Qa7 17. Bxc6 Bb7 18. Bxb7 Qxb7 19. bxa4 Rfc8 20. a5 Qb5 21. Qb3 Qxb3 22. axb3 Nd5 23. Bxg7 Kxg7 24. Rxc8 Rxc8 25. Ra1 Nb4 26. Nc4 d5 27. Nb6 Rc6 28. h4 Rc7 29. Ra4 Nc6 30. Nxd5 Rd7 31. Nf4 e5 32. Nh3 Rd1+ 33. Kh2 Rb1 34. a6 Na7 35. Rb4 Ra1 36. Rb7 Nc6 37. Ng5 Nd8 38. Rd7 h6 39. Rxd8 hxg5 40. Rd6 gxh4 41. b4 1-0

[Event "Sharjah Masters 1st"]
[Site "Sharjah"]
[Date "2017.03.30"]
[Round "8"]
[White "Kryvoruchko, Yuriy"]
[Black "Bluebaum, Matthias"]
[Result "1-0"]
[WhiteElo "2708"]
[BlackElo "2632"]
[PlyCount "111"]
[EventDate "2017.03.23"]
[EventType "swiss"]
[EventRounds "9"]
[EventCountry "UAE"]
[SourceTitle "CBM 177 Extra"]
[Source "ChessBase"]
[SourceDate "2017.04.27"]
[SourceVersion "1"]
[SourceVersionDate "2017.04.27"]
[SourceQuality "1"]

1. Nf3 d5 2. g3 g6 3. Bg2 Bg7 4. c4 dxc4 5. Na3 e5 6. O-O e4 7. Ne1 Nf6 8. Nxc4 O-O 9. d3 Be6 10. Ne3 Nc6 11. Bd2 $146 ({RR} 11. dxe4 Qxd1 12. Nxd1 Nd4 13. Nc3 Bc4 14. f4 Nxe2+ 15. Nxe2 Bxe2 16. Rf2 Ba6 17. e5 Ng4 18. Rc2 Rad8 19. Bf3 h5 20. Rxc7 Rc8 21. Rxc8 Rxc8 22. Bd2 f6 23. h3 Nh6 24. e6 Bc4 25. Bxb7 Rb8 {Teclaf,P (2573)-Gumularz,S (2580) Poland POL 2023 0-1 (53)}) ({RR} 11. dxe4 Re8 12. Nd3 Qe7 13. Nd5 Bxd5 14. exd5 Nb4 15. Nxb4 Qxb4 16. Bd2 Qxb2 17. Rb1 Qxa2 18. Rxb7 Nxd5 19. e4 Nb6 20. Rxc7 Rad8 21. Rc2 Qb3 22. Qb1 Rd3 23. Qxb3 Rxb3 24. Ra2 Nc4 25. Bf4 a5 {Gutkin,I (2261)-Rodshtein,M (2606) chess.com INT 2023 0-1 (41)}) 11... exd3 12. Nxd3 Qd6 13. Rc1 Rfd8 14. Bxc6 bxc6 15. Qa4 Qe7 16. Bb4 Qe8 17. Qxc6 Bxa2 18. Qxe8+ Rxe8 19. Rxc7 Nd5 20. Nxd5 Bxd5 21. Nf4 Bb3 22. Bc3 Bxc3 23. Rxc3 Rab8 24. Re1 Be6 25. Rc2 g5 26. Nxe6 Rxe6 27. Rd1 Rb7 28. Rd5 h6 29. Kg2 Kg7 30. e3 Reb6 31. Rdd2 Rb3 32. Kf3 Kg6 33. h3 f6 34. Ke2 a5 35. f4 gxf4 36. gxf4 a4 37. Kf3 Re7 38. Rg2+ Kf7 39. Rce2 f5 40. Re1 Reb7 41. Reg1 Rxb2 42. Rg7+ Ke6 43. R7g6+ Kd5 44. Ra6 Ra2 45. Rc1 Rb5 46. Rf6 Rbb2 47. Rxf5+ Ke6 48. Ra5 Rf2+ 49. Ke4 Rfe2 50. Rc3 Ra1 51. f5+ Kd7 52. Ra7+ Kd6 53. Ra6+ Kd7 54. Ke5 Rae1 55. Ra7+ Kd8 56. Ke4 1-0

[Event "Shenzhen Du Te Cup"]
[Site "Shenzhen"]
[Date "2017.03.29"]
[Round "6"]
[White "Ding, Liren"]
[Black "Yu, Yangyi"]
[Result "1-0"]
[WhiteElo "2759"]
[BlackElo "2750"]
[PlyCount "101"]
[EventDate "2017.03.23"]
[EventType "tourn"]
[EventRounds "10"]
[EventCountry "CHN"]
[EventCategory "21"]
[SourceTitle "CBM 178"]
[Source "ChessBase"]
[SourceDate "2017.05.14"]
[SourceVersion "1"]
[SourceVersionDate "2017.05.14"]
[SourceQuality "1"]

1. Nf3 d5 2. g3 Bg4 3. Bg2 c6 4. O-O Nd7 5. h3 Bxf3 6. Bxf3 Ngf6 7. d3 e5 8. e4 dxe4 9. dxe4 Bc5 10. Nd2 O-O 11. a4 a5 12. Qe2 Qe7 13. Rd1 ({RR} 13. Nc4 Qe6 14. Kg2 Nb6 15. Nxb6 Bxb6 16. Rd1 Rfd8 17. Bd2 Bd4 18. Rdb1 Rd7 19. Be1 g6 20. Ra3 h5 21. h4 Bc5 22. Rb3 Qe7 23. Rd1 Rd4 24. Rxd4 exd4 25. e5 Nd7 26. Rxb7 Qe6 27. Bd2 Nxe5 {Blohberger,F (2532)-Martin Rueda,D (2266) chess.com INT 2025 1-0 (40)}) 13... Rfd8 14. Nc4 b6 $146 ({RR} 14... Qe6 15. Kg2 b6 16. Bd2 Nf8 17. b3 Rab8 18. h4 Ne8 19. Bg4 Qe7 20. Bg5 f6 21. Rxd8 Qxd8 22. Nxe5 Rb7 23. Qc4+ Kh8 24. Nf7+ Rxf7 25. Qxf7 Nd6 26. Qa7 fxg5 27. e5 Ne4 28. Rd1 Qe8 29. f3 {Krysa,L (2516)-Brochet,P (2400) Barcelona 2019 0-1 (35)}) 15. Kg2 h6 16. Rd3 Qe6 17. b3 Bd4 18. c3 Bc5 19. Qd1 Be7 20. Be3 Nc5 21. Rxd8+ Rxd8 22. Qc2 Bf8 23. Rb1 Rb8 24. Rd1 Ncd7 25. Be2 Nc5 26. f3 Ncd7 27. Bf2 g6 28. Be1 h5 29. h4 Ra8 30. b4 axb4 31. cxb4 b5 32. Na5 bxa4 33. Bc4 Qe8 34. Nxc6 a3 35. b5 Nb6 36. Ba2 Nfd7 37. Ba5 Bc5 38. Rd3 Kg7 39. Bc3 Kh7 40. Qd2 Bf8 41. Ba5 Kg7 42. g4 Be7 43. gxh5 Bxh4 44. hxg6 fxg6 45. Rd6 Bf6 46. Re6 Qf8 47. Bb4 Qh8 48. Nxe5 Nxe5 49. Rxf6 Qh5 50. Bc3 Ra7 51. Qf4 1-0

[Event "Shenzhen Du Te Cup"]
[Site "Shenzhen"]
[Date "2017.03.30"]
[Round "7"]
[White "Harikrishna, Pentala"]
[Black "Adams, Michael"]
[Result "1-0"]
[WhiteElo "2758"]
[BlackElo "2761"]
[PlyCount "134"]
[EventDate "2017.03.23"]
[EventType "tourn"]
[EventRounds "10"]
[EventCountry "CHN"]
[EventCategory "21"]
[SourceTitle "CBM 178"]
[Source "ChessBase"]
[SourceDate "2017.05.14"]
[SourceVersion "1"]
[SourceVersionDate "2017.05.14"]
[SourceQuality "1"]

1. Nf3 d5 2. g3 Bg4 3. Bg2 c6 4. O-O e6 5. h3 Bh5 6. d4 Nf6 7. c4 Be7 8. Nc3 O-O 9. g4 Bg6 10. Ne5 Nbd7 11. Nxg6 hxg6 12. Qd3 dxc4 $146 ({RR} 12... Qa5 13. a3 Qa6 14. b3 Nb6 15. e3 dxc4 16. Qe2 Nbd5 17. Nb1 cxb3 18. Qxa6 bxa6 19. Nd2 Rab8 20. Bb2 a5 21. Rfc1 Rfc8 22. Nc4 a4 23. Ne5 c5 24. dxc5 Rxc5 25. Rxc5 Bxc5 26. g5 Nxe3 27. fxe3 {Firouzja,A (2499)-Sokolov,I (2626) Bandar e Anzali 2017 0-1 (41)}) 13. Qxc4 e5 14. dxe5 Nxe5 15. Qb3 Qc7 16. f4 Ned7 17. e4 Nc5 18. Qc2 Ne6 19. e5 Nd7 20. Ne2 g5 21. Bd2 gxf4 22. Nxf4 Qxe5 23. Kh1 Nxf4 24. Bxf4 Qc5 25. Qb3 Qb4 26. Qg3 Nf6 27. a3 Qxb2 28. Be5 Qc2 29. Rab1 b6 30. Rbc1 Qg6 31. Bxc6 Rac8 32. Bg2 Ne4 33. Qf3 Nd2 34. Qb7 Nxf1 35. Rxc8 Qb1 36. Qxe7 Rxc8 37. Qg5 Ne3+ 38. Kh2 Qg6 39. Qxe3 Rc2 40. Kh1 Ra2 41. Kg1 Qc2 42. Bf1 Qc5 43. Bd4 Qd6 44. Qe8+ Qf8 45. Qe4 Qxa3 46. Qe5 Qf8 47. Bd3 Ra5 48. Qe4 g6 49. Bc4 Kh7 50. Qf4 Qe7 51. Kh2 a6 52. g5 Kg8 53. Qb8+ Qf8 54. Qxb6 Rxg5 55. Bxf7+ Kh7 56. Qc7 Kh6 57. Be3 Qg7 58. Qf4 Qb2+ 59. Bd2 Kg7 60. Qxg5 Kxf7 61. Qd5+ Kg7 62. Kg3 Qa1 63. Qc5 Kf7 64. Qc4+ Ke7 65. Bb4+ Kd7 66. Qd3+ Kc6 67. Qc3+ Kd5 1-0

[Event "USA-ch"]
[Site "Saint Louis"]
[Date "2017.04.09"]
[Round "11"]
[White "Nakamura, Hikaru"]
[Black "Akobian, Varuzhan"]
[Result "1-0"]
[WhiteElo "2793"]
[BlackElo "2645"]
[Annotator "Yermolinsky,Alex "]
[PlyCount "111"]
[EventDate "2017.03.29"]
[EventType "tourn"]
[EventRounds "11"]
[EventCountry "USA"]
[EventCategory "18"]
[SourceTitle "CBM 178"]
[Source "ChessBase"]
[SourceDate "2017.05.14"]
[SourceVersion "1"]
[SourceVersionDate "2017.05.14"]
[SourceQuality "1"]

1. Nf3 Nf6 2. g3 d5 3. Bg2 c6 4. O-O Bg4 5. h3 Bxf3 6. Bxf3 Nbd7 7. d4 e6 {A little timid.} ({According to general principles of development and control over the centre} 7... e5 8. dxe5 Nxe5 9. Bg2 Bc5 {has to be the right plan.}) 8. Nd2 Be7 9. e4 dxe4 10. Nxe4 Nxe4 11. Bxe4 Nf6 12. Bg2 Qb6 $146 ({RR} 12... O-O 13. c3 h6 14. Re1 Qc7 15. Qf3 Rad8 16. h4 Rd7 17. b4 a5 18. a3 Ra8 19. Bf4 Qd8 20. Bh3 Nd5 21. Bd2 Bf6 22. Qg4 Kf8 23. Qe4 Kg8 24. Qg4 Kf8 25. Qe4 Kg8 26. Qg4 {½-½ (26) Keler,F (2263)-Ozen,D (2430) Konya 2019}) 13. c3 O-O 14. Qe2 Rfe8 15. Kh2 Rad8 16. b4 a5 {Black has to seek some counterplay somewhere.} 17. bxa5 $6 ({As far as I can see there was nothing wrong with} 17. a3 $14) 17... Qxa5 18. Bd2 Qa4 19. Rfb1 Rd7 20. Rb3 Rc8 21. Be1 b5 22. Rc1 c5 $2 {Akobian worried about c3-c4, but the remedy could be worse than the disease.} ({Black had an interesting idea in} 22... Qc4 23. Qxc4 bxc4 {At first sight it seems like this pawn is going to fall, but after} 24. Rbb1 Ra7 25. Bf1 Ra4 {Black manages to stabilise the situation which is not entirely unfavorable for him, as White's e1 will be dominated by Black's d5.}) 23. d5 $2 {One of those moves Hikaru would have a hard time explaining.} (23. dxc5 Rxc5 24. Rcb1 {would pick off the loose b5-pawn and let Black worry about his compensation.}) 23... exd5 24. Rxb5 c4 {Suddenly, Black is for choice.} 25. Rcb1 Bd6 26. Qd1 {This was the only move in the entire game Hikaru took considerable time on.} ({He didn't want to part with the a-pawn:} 26. Bd2 Qxa2 27. Qd1 {which objectively may have been the better choice.}) ({While} 26. Qb2 {decentralises the queen, and likely will be harshly punished by} h5 $1 {etc.}) 26... Qxd1 $4 {The marks go for taking a wrong turn at a critical junction. It is mainly a mental error of trying to "escape" with a draw from a better position.} (26... Qa7 {just had to be played. Regardless of any tournament situation Black needs to keep his queen on the board. Varuzhan just couldn't bring himself to take any risk, and I wonder why. Wasn't a chance to win it all worth trying?} 27. a4 Re8 28. a5 $2 Rde7 {is one sample line which illustrates Black's potential.}) 27. Rxd1 Be7 28. a4 Ra8 29. a5 Bd8 30. Ra1 Rda7 31. Bxd5 Nxd5 32. Rxd5 Bxa5 33. Bd2 h6 34. Be3 Ra6 35. Ra3 Bc7 36. Rxa6 Rxa6 37. Rc5 Bd6 38. Rc8+ Kh7 39. Rxc4 Be5 40. Rc8 Ra3 ({For better or worse Black had to try something like} 40... g5 41. c4 Kg6 42. Kg2 f5) 41. c4 Kg6 $2 42. Kg2 h5 43. Re8 $1 {A great one from Nakamura.} f6 44. Re7 $1 {Now the black king is tied down to g7, and it really looks bad for Black.} Rc3 45. c5 Kh7 $2 46. Kf1 Rc4 47. Ke2 Kg6 48. Kd3 Rc3+ 49. Ke4 h4 50. g4 Bh2 51. f4 Rc2 52. Kd3 Ra2 53. c6 Ra6 54. c7 Rc6 55. Kd4 f5 56. Kd5 1-0

[Event "Titled Tuesday intern Qual2 11th April"]
[Site "Chess.com INT"]
[Date "2017.04.11"]
[Round "6"]
[White "Mikhalevski, Victor"]
[Black "Dziuba, Marcin"]
[Result "1-0"]
[WhiteElo "2516"]
[BlackElo "2556"]
[PlyCount "115"]
[EventDate "2017.04.11"]
[EventType "swiss (blitz)"]
[EventRounds "10"]
[EventCountry "USA"]
[SourceTitle "EXT 2021"]
[Source "ChessBase"]
[SourceDate "2020.10.23"]
[SourceVersion "1"]
[SourceVersionDate "2020.10.23"]
[SourceQuality "1"]

1. Nf3 d5 2. g3 c6 3. Bg2 Bg4 4. O-O Nd7 5. d3 Ngf6 6. h3 Bh5 7. c4 e6 8. cxd5 exd5 9. e4 dxe4 10. dxe4 Nc5 11. Nc3 Be7 12. g4 ({RR} 12. Be3 Qxd1 13. Raxd1 O-O 14. g4 Bg6 15. Ne5 Rfe8 16. Nxg6 hxg6 17. e5 Nh7 18. f4 Rad8 19. b4 Rd3 20. Nd5 cxd5 21. Bxc5 Bxc5+ 22. bxc5 Rc3 23. Rc1 Rxc1 24. Rxc1 g5 25. Bxd5 gxf4 26. Bxb7 Re7 {Mikhalevski,V (2508)-Jakobsen,P (2201) Novi Sad 2016 1-0 (34)}) 12... Qxd1 13. Rxd1 Bg6 14. Ne5 $146 ({RR} 14. Nh4 Nfxe4 15. Nxe4 Bxe4 16. Bxe4 Bxh4 17. Bg2 Ne6 18. Be3 Ke7 19. f4 Rhd8 20. f5 Bg5 21. Re1 {1-0 (21) Tomashevsky,E (2758)-Bogdanovich,S (2590) Berlin 2015}) 14... Bxe4 15. Nxe4 Nfxe4 16. Re1 Nd6 17. Nxc6 Ne6 18. Nxe7 Kxe7 19. b3 Rhd8 20. Ba3 Rd7 21. Rad1 Rad8 22. Rd2 Ke8 23. f4 Nb5 24. Rxd7 Rxd7 25. Bb2 Kd8 26. Be5 g6 27. Re3 Nbd4 28. a4 b6 29. b4 a5 30. bxa5 bxa5 31. Kf2 Nc5 32. Rc3 Ndb3 33. Ke2 Ke7 34. Bc6 Rd8 35. Re3 Kf8 36. Bf6 Rc8 37. Bb5 Nc1+ 38. Kf3 Ne6 39. f5 gxf5 40. gxf5 Ng7 41. Kg4 Na2 42. Kg5 Nb4 43. Be7+ Kg8 44. Bxb4 axb4 45. Rb3 Rc5 46. Bd3 Rd5 47. Kf6 Ne8+ 48. Ke7 Nd6 49. f6 Nc8+ 50. Ke8 Na7 51. Bc4 Re5+ 52. Kd7 Rf5 53. Rg3+ Kf8 54. Kc7 Rxf6 55. Bd5 Rf5 56. Rd3 b3 57. Bxb3 Rc5+ 58. Kb6 1-0

[Event "Titled Tuesday intern Qual2 11th April"]
[Site "Chess.com INT"]
[Date "2017.04.11"]
[Round "10"]
[White "Mikhalevski, Victor"]
[Black "Oparin, Grigoriy"]
[Result "1-0"]
[WhiteElo "2516"]
[BlackElo "2604"]
[PlyCount "101"]
[EventDate "2017.04.11"]
[EventType "swiss (blitz)"]
[EventRounds "10"]
[EventCountry "USA"]
[SourceTitle "EXT 2021"]
[Source "ChessBase"]
[SourceDate "2020.10.23"]
[SourceVersion "1"]
[SourceVersionDate "2020.10.23"]
[SourceQuality "1"]

1. Nf3 d5 2. g3 c6 3. Bg2 Bg4 4. O-O Nd7 5. d3 e5 6. h3 Bh5 7. b3 ({RR} 7. c4 dxc4 8. dxc4 Ngf6 9. Nh4 Bc5 10. Nc3 O-O 11. Qc2 Re8 12. a3 a5 13. e3 Qc7 14. Rb1 Bf8 15. b4 axb4 16. axb4 Nb6 17. g4 Bg6 18. Nxg6 hxg6 19. g5 Nh7 20. Ne4 Be7 21. h4 Qd7 {Kramnik,V (2811)-Oparin,G (2604) Zuerich 2017 ½-½ (46)}) 7... Bd6 8. Bb2 Ngf6 9. Nh4 $146 ({RR} 9. c4 O-O 10. Nc3 a6 11. cxd5 cxd5 12. Nh4 Bg6 13. Nxg6 hxg6 14. Nxd5 Nxd5 15. Bxd5 Qb6 16. d4 Rad8 17. Qd3 exd4 18. Bxd4 Nc5 19. Qxg6 Be5 20. Qxb6 Bxd4 21. Bc4 Ne4 22. Qxb7 Nxg3 23. Rad1 Nxf1 {Cori T.,D (2367)-Zhukova,N (2302) FIDE Online Arena INT 2024 1-0}) ({RR} 9. Nbd2 O-O 10. Nh4 Re8 11. Nf5 Bc7 12. g4 Bg6 13. e4 Nc5 14. h4 h6 15. g5 hxg5 16. hxg5 Nh7 17. Qe2 Nxg5 18. Ng3 Nce6 19. Qg4 Nf4 20. Nf3 Nxf3+ 21. Bxf3 d4 22. Bc1 Qf6 23. Nf5 Bxf5 {Maltsevskaya,A (2318)-Styazhkina,A (2289) Moscow 2019 ½-½ (38)}) 9... O-O 10. g4 Bg6 11. Nd2 Re8 12. e3 a5 13. Nxg6 hxg6 14. a4 Qe7 15. g5 Nh7 16. h4 Nhf8 17. Qg4 Ne6 18. Rae1 Bb4 19. Re2 Ba3 20. Ba1 b5 21. axb5 cxb5 22. Bxd5 Rac8 23. Nf3 Bd6 24. Bb2 Nec5 25. Nd2 a4 26. Ra1 Nb6 27. Bg2 Ne6 28. Ne4 a3 29. Bc3 b4 30. Be1 Nd5 31. Nxd6 Qxd6 32. Bxd5 Qxd5 33. Bxb4 Ra8 34. Rxa3 Rxa3 35. Bxa3 Ra8 36. Bb2 Ra2 37. Bc3 Qc6 38. Bxe5 Rxc2 39. Rxc2 Qxc2 40. Qc4 Qd1+ 41. Kg2 Kh7 42. b4 Qb1 43. b5 Nd8 44. Bc7 Ne6 45. Be5 Nd8 46. Bd4 Ne6 47. Bc3 Nd8 48. Qd5 Ne6 49. Be5 Qd1 50. b6 Qg4+ 51. Bg3 1-0